01622nam a2200337 a 4500001001200000003000800012006001900020007001500039008004100054020003200095040002100127035002100148050002700169082001200196100003000208245014100238250001200379260004200391300001800433504006400451505030900515533015200824650002300976650005100999650002601050655002901076700001901105710001701124856012601141999001701267ebr10026379CaPaEBRm u cr cn|||||||||010502s1998 cau sb 001 0 eng d z078795926X (electronic bk.) aCaPaEBRcCaPaEBR a(OCoLC)64671381414aBV4011b.A488 1998ebeb04a2532211 aAnderson, Herbert,d1936-10aMighty stories, dangerous ritualsh[electronic resource] :bweaving together the human and the divine /cHerbert Anderson, Edward Foley. a1st ed. aSan Francisco :bJossey-Bass,cc1998. axviii, 204 p. aIncludes bibliographical references (p. 187-192) and index.0 aPreface -- The authors -- The power of storytelling -- Ritualizing our stories -- Connecting the divine and human narratives -- Welcoming the child -- Preparing for marriage -- Encountering death -- Creating new rituals -- Revitalizing rituals with stories -- Reconciling stories and rituals -- Epilogue. aElectronic reproduction.bPalo Alto, Calif. :cebrary,d2013.nAvailable via World Wide Web.nAccess may be limited to ebrary affiliated libraries. 0aPastoral theology. 0aStorytellingxReligious aspectsxChristianity. 0aRites and ceremonies. 7aElectronic books.2local1 aFoley, Edward.2 aebrary, Inc.40uhttp://site.ebrary.com/lib/rucke/Doc?id=10026379zAn electronic book accessible through the World Wide Web; click to view c23534d23534